000 00284nam a22001337a 4500
008 170621b xxu||||| |||| 00| 0 eng d
020 _ab0085sdiki
041 _aeng
080 _a32
100 _a20
101 _aSHP
245 _aOUR PATCHWORK NATION
_cCHINNI,D
942 _2udc
_cBK
999 _c18385
_d18385